[Event "34th Chess Olympiad (men)"]
[Site "Istanbul"]
[Date "2000.10.30"]
[Round "3.1.1"]
[White "Leko, Peter"]
[Black "Khalifman, Alexander"]
[WhiteElo "2743"]
[BlackElo "2667"]
[WhiteCountry "HUN"]
[BlackCountry "RUS"]
[Result "1-0"]

1. e4 e6 2. d4 d5 3. Nc3 Bb4 4. e5 c5 5. a3 Ba5 6. Qg4 Ne7 7. dxc5 Bxc3+ 
8. bxc3 Ng6 9. Nf3 Nd7 10. Bd3 Qc7 11. O-O Nxc5 12. a4 O-O 13. Ba3 b6 
14. Rfe1 f5 15. exf6ep Nxd3 16. cxd3 Rxf6 17. Qg3 Qxg3 18. hxg3 Bd7 19. Bd6 Rc8 
20. Be5 Nxe5 21. Nxe5 Be8 22. Ra3 Rc5 23. f3 Ra5 24. Rea1 Kf8 25. Kf2 Ke7 
26. d4 Bd7 27. Ke3 Rf8 28. Kd2 Rb8 29. R3a2 Be8 30. Nd3 Rc8 31. Ne5 Kd6 
32. Kc2 Kc7 33. Kb3 Kb7 34. g4 h6 35. f4 Rc7 36. Kb4 Ka6 37. Ra3 Rb7 
38. Kb3 Rc7 39. R3a2 Kb7 40. Kb4 Ka6 41. f5 exf5 42. gxf5 h5 43. Rf1 Rb7 
44. Nd3 Rc7 45. Ne5 Rb7 46. Nd3 Rc7 47. Kb3 Kb7 48. Re1 Bc6 49. Re6 Bd7 
50. Re5 Bc6 51. Nf4 h4 52. Ne6 Rd7 53. Re3 Kc8 54. g4 Re7 55. Rh3 Bd7 
56. Nf8 Re4 57. Nxd7 Kxd7 58. Rxh4 Ke7 59. Rg2 b5 60. Rh7 Kf8 61. g5 bxa4+ 
62. Kb4 Ra6 63. f6 a3 64. Rxg7 Ree6 65. Rb7 a2 66. g6 Ra4+ 67. Kb3 
1-0

[Event "34th Chess Olympiad (men)"]
[Site "Istanbul"]
[Date "2000.10.30"]
[Round "3.2.1"]
[White "Jussupow, Artur"]
[Black "Svetushkin, Dmitry"]
[WhiteElo "2610"]
[BlackElo "2472"]
[WhiteCountry "GER"]
[BlackCountry "MDA"]
[Result "1-0"]

1. d4 d5 2. c4 dxc4 3. e3 e6 4. Bxc4 Nf6 5. Nf3 c5 6. O-O a6 7. a4 Nc6 
8. Qe2 Qc7 9. Nc3 Bd6 10. Rd1 O-O 11. h3 b6 12. dxc5 Bxc5 13. e4 Nd7 
14. e5 Ndxe5 15. Bf4 Nxf3+ 16. Qxf3 Qb7 17. Ne4 Nd4 18. Qd3 Rd8 19. b4 Bxb4 
20. Nd6 Qc6 21. Qxd4 Bb7 22. Bf1 Bc3 23. Qd3 Bxa1 24. Rxa1 b5 25. Qg3 f6 
26. Rc1 Rxd6 27. Rxc6 Rxc6 28. Bh6 g6 29. axb5 
1-0

[Event "34th Chess Olympiad (men)"]
[Site "Istanbul"]
[Date "2000.10.30"]
[Round "3.2.2"]
[White "Sanduleac, Vasile"]
[Black "Dautov, Rustem"]
[WhiteElo "2438"]
[BlackElo "2606"]
[WhiteCountry "MDA"]
[BlackCountry "GER"]
[Result "1/2-1/2"]

1. e4 c6 2. d4 d5 3. Nd2 dxe4 4. Nxe4 Bf5 5. Ng3 Bg6 6. N1e2 e6 7. Nf4 Qc7 
8. c3 Bd6 9. Nxg6 hxg6 10. Ne4 Bf4 11. g3 Bxc1 12. Rxc1 Ne7 13. Bg2 Nd7 
14. O-O O-O 15. h4 Nf6 16. Qe2 Rad8 17. Rfe1 Nf5 18. a3 Rfe8 19. Rcd1 e5 
20. dxe5 Rxe5 21. Nxf6+ gxf6 22. Qf3 Kg7 23. h5 Qe7 24. Rxe5 Rxd1+ 
25. Qxd1 Qxe5 26. hxg6 fxg6 27. Qd7+ Qe7 28. Qxe7+ Nxe7 29. Kf1 f5 30. Ke2 Kf6 
31. Kd3 Ke5 32. f4+ Kd6 33. Bf3 Nd5 
1/2-1/2

[Event "34th Chess Olympiad (men)"]
[Site "Istanbul"]
[Date "2000.10.30"]
[Round "3.2.3"]
[White "Lutz, Christopher"]
[Black "Komliakov, Viktor"]
[WhiteElo "2595"]
[BlackElo "2453"]
[WhiteCountry "GER"]
[BlackCountry "MDA"]
[Result "1-0"]

1. e4 g6 2. d4 Bg7 3. Nf3 d6 4. Be2 Nd7 5. O-O e5 6. c4 Ngf6 7. Nc3 O-O 
8. Be3 Re8 9. Qc2 h6 10. d5 Ng4 11. Bd2 Rf8 12. g3 Ngf6 13. b4 Ne8 14. Rac1 Kh7 
15. Nh4 Ndf6 16. c5 Ng8 17. Rfe1 Ne7 18. Bf1 f5 19. exf5 Nxf5 20. Nxf5 gxf5 
21. Be3 Kh8 22. f4 Nf6 23. cxd6 cxd6 24. fxe5 dxe5 25. Bc5 Re8 26. Nb5 Ne4 
27. Rxe4 fxe4 28. Nd6 Rf8 29. Nxc8 Rxc8 30. Qxe4 Qg5 31. Rc2 Rf4 32. Be3 Rxc2 
33. Bxf4 Qg4 34. Qxc2 exf4 35. Qe4 Qd1 36. Qe8+ Kh7 37. Qe4+ Kh8 38. Kg2 Qd2+ 
39. Kh3 Qe3 40. Qf5 fxg3 41. hxg3 Be5 42. Qg4 Qg5 43. Qxg5 hxg5 44. Kg4 Kg7 
45. Kf5 Bxg3 46. Ke6 g4 47. d6 Kf8 48. d7 Bc7 49. a4 g3 50. Bg2 b5 51. a5 a6 
52. Bh3 Bd8 53. Bg2 Bc7 54. Bd5 Bd8 55. Kd6 Kg7 56. Kc6 Kf6 57. Kb7 Ke5 
58. Bg2 Kd6 59. Kc8 Bf6 60. d8Q+ 
1-0

[Event "34th Chess Olympiad (men)"]
[Site "Istanbul"]
[Date "2000.10.30"]
[Round "3.2.4"]
[White "Khruschiov, Alexey"]
[Black "Bischoff, Klaus"]
[WhiteElo "2381"]
[BlackElo "2556"]
[WhiteCountry "MDA"]
[BlackCountry "GER"]
[Result "1/2-1/2"]

1. e4 c5 2. Nf3 e6 3. d4 cxd4 4. Nxd4 a6 5. Bd3 Ne7 6. O-O Nbc6 7. Nb3 Ng6 
8. Be3 Be7 9. c4 d6 10. Nc3 b6 11. Rc1 O-O 12. f4 Rb8 13. Rf2 Bd7 14. Rd2 Rb7 
15. Bf1 Re8 16. Qh5 Nf8 17. g3 Qb8 18. Bg2 Rc8 19. Bf1 Rd8 20. Qf3 Be8 
21. Rcd1 Rc7 22. Nd4 Na5 23. b3 b5 24. Qh5 Nd7 25. f5 Nf6 26. Qf3 e5 
27. Nc2 bxc4 28. b4 Nc6 29. g4 h6 30. h4 d5 31. exd5 Nxb4 32. g5 e4 33. Qg2 Nh5 
34. gxh6 Nxc2 35. Rxc2 Rb7 36. Be2 Ng3 37. Nxe4 Nxf5 38. Rf1 Rb1 39. Rcc1 Rxc1 
40. Bxc1 Nxh6 41. Bxc4 Kh8 42. Kh1 Qb6 43. d6 Rxd6 44. Nxd6 Qxd6 45. Bf4 Qc5 
46. Bd5 Ng4 47. Rc1 Qd4 48. Qd2 Qf6 49. Bg5 Qd6 50. Bf3 Qg3 51. Bxg4 Qxg4 
52. Bxe7 Qh3+ 53. Qh2 Bc6+ 54. Rxc6 Qf1+ 55. Qg1 
1/2-1/2

[Event "34th Chess Olympiad (men)"]
[Site "Istanbul"]
[Date "2000.10.30"]
[Round "3.3.3"]
[White "Anastasian, Ashot"]
[Black "Timoscenko, Genadij"]
[WhiteElo "2571"]
[BlackElo "2529"]
[WhiteCountry "ARM"]
[BlackCountry "SVK"]
[Result "0-1"]

1. Nf3 Nf6 2. c4 e6 3. g3 d5 4. Bg2 Be7 5. O-O O-O 6. d4 dxc4 7. Qc2 a6 
8. a4 Bd7 9. Qxc4 Bc6 10. Bg5 a5 11. Nc3 Na6 12. Bxf6 Bxf6 13. e4 Nb4 
14. Rad1 b6 15. d5 exd5 16. exd5 Bb7 17. Nd4 Bxd4 18. Rxd4 Qd7 19. Rfd1 Rae8 
20. h4 Re5 21. Nb5 Na6 22. d6 Bxg2 23. Kxg2 c6 24. Nc3 Nb4 25. Re4 Rxe4 
26. Qxe4 Re8 27. Qd4 Nc2 28. Qd2 Nb4 29. Kg1 h6 30. Qd4 c5 31. Qf4 Re6 
32. Nb5 Nc6 33. Rd5 Rf6 34. Qd2 Nb4 35. Re5 Nc6 36. Rd5 Nb4 37. Rh5 Nc6 
38. Qe3 Nd4 39. Rd5 Re6 40. Qd3 Qc6 41. Qc4 Nf3+ 42. Kg2 Ne5 43. Qe4 f5 
44. Rxe5 fxe4 45. Rxe6 e3+ 46. Kg1 exf2+ 47. Kxf2 Qd5 48. Re3 Qf5+ 49. Kg2 Qc2+ 
50. Kh3 h5 51. Nc3 Qc1 52. Re2 Qh1+ 53. Rh2 Qf1+ 54. Rg2 Qd3 55. Nb5 Kf7 
56. Kh2 Ke6 57. Rf2 Qd1 58. b3 Qxb3 59. Re2+ Kf6 60. Kg2 Qd3 61. Kf2 c4 
62. Re3 Qd2+ 63. Re2 Qd3 64. Re3 Qd2+ 65. Re2 Qd1 66. Re3 Qxa4 67. Nc3 Qd7 
68. Re2 Qf5+ 69. Kg2 Qd3 70. Re3 Qd2+ 71. Kf3 Kf5 72. Ne4 Qd5 
0-1

[Event "34th Chess Olympiad (men)"]
[Site "Istanbul"]
[Date "2000.10.30"]
[Round "3.3.4"]
[White "Mrva, Martin"]
[Black "Asrian, Karen"]
[WhiteElo "2468"]
[BlackElo "2566"]
[WhiteCountry "SVK"]
[BlackCountry "ARM"]
[Result "1/2-1/2"]

1. e4 c6 2. d3 e5 3. Nf3 Nf6 4. g3 d6 5. Bg2 g6 6. Bg5 Bg7 7. O-O h6 8. Bd2 O-O 
9. c4 Nbd7 10. Nc3 a6 11. Rc1 b5 12. cxb5 axb5 13. a3 Nb6 14. Qe2 Be6 
15. Ne1 d5 16. exd5 Nbxd5 17. Nxd5 Bxd5 18. Bb4 Re8 19. Rxc6 Bxc6 20. Bxc6 Rc8 
21. Bxe8 Qxe8 22. Nf3 Nd5 23. Ba5 Qe6 24. Re1 Qa6 25. Qd2 Ra8 26. Bb4 Nxb4 
27. Qxb4 Re8 28. Rc1 Rd8 29. Qb3 Qa4 30. Qxa4 bxa4 31. Re1 Rxd3 32. Nxe5 Rd2 
33. Nc4 Rc2 34. Re4 f5 35. Re8+ Kh7 36. Ne3 Rxb2 37. Ra8 Bd4 38. Rxa4 Bxe3 
39. fxe3 Re2 40. Ra7+ Kg8 41. h4 
1/2-1/2

[Event "34th Chess Olympiad (men)"]
[Site "Istanbul"]
[Date "2000.10.30"]
[Round "3.4.4"]
[White "Ganguly, Surya Shekhar"]
[Black "Emms, John M"]
[WhiteElo "2498"]
[BlackElo "2527"]
[WhiteCountry "IND"]
[BlackCountry "ENG"]
[Result "0-1"]

1. e4 c5 2. Nf3 Nc6 3. d4 cxd4 4. Nxd4 e6 5. Nc3 Qc7 6. Be2 a6 7. O-O Nf6 
8. Be3 Be7 9. f4 d6 10. Qe1 O-O 11. Qg3 Nxd4 12. Bxd4 b5 13. a3 Bb7 
14. Rad1 Bc6 15. Kh1 Qb7 16. Bf3 Rad8 17. Rfe1 Kh8 18. Rd3 Rg8 19. Qh3 Qc7 
20. e5 dxe5 21. fxe5 Nd7 22. Bxc6 Qxc6 23. Rf1 f5 24. exf6ep Bxf6 25. Re1 Nc5 
26. Bxc5 Qxc5 27. Ne4 Qxc2 28. Rxd8 Rxd8 29. Qxe6 Qe2 30. Nd6 Qxe6 31. Rxe6 Kg8 
32. b3 Bb2 33. a4 bxa4 34. bxa4 Ba3 35. Re8+ Rxe8 36. Nxe8 Kf7 37. Nc7 a5 
38. g4 Bd6 39. Nb5 Ke6 40. Kg2 Kd5 41. h4 Kc5 42. Kf3 Be7 43. g5 Kb4 
44. Nd4 Kxa4 45. Nc6 Bb4 46. Ke4 Kb3 47. Nxa5+ Bxa5 48. Ke5 Bd2 49. Ke6 h6 
0-1

[Event "34th Chess Olympiad (men)"]
[Site "Istanbul"]
[Date "2000.10.30"]
[Round "3.6.3"]
[White "Datu, Idelfonso"]
[Black "Pelletier, Yannick"]
[WhiteElo "2345"]
[BlackElo "2474"]
[WhiteCountry "PHI"]
[BlackCountry "SUI"]
[Result "1/2-1/2"]

1. c4 Nf6 2. Nc3 c5 3. g3 e6 4. Nf3 b6 5. Bg2 Bb7 6. O-O Be7 7. Re1 d5 
8. cxd5 exd5 9. d4 O-O 10. Bf4 Na6 11. Rc1 Ne4 12. dxc5 Bxc5 13. Rf1 Qe8 
14. a3 Rc8 15. Be5 f6 16. Bd4 Bxd4 17. Nxd4 Nxc3 18. bxc3 Nc5 19. c4 dxc4 
20. Rxc4 Bxg2 21. Kxg2 Qe4+ 22. Kg1 Rcd8 23. e3 Qd5 
1/2-1/2

[Event "34th Chess Olympiad (men)"]
[Site "Istanbul"]
[Date "2000.10.30"]
[Round "3.6.4"]
[White "Jenni, Florian"]
[Black "Bancod, Ronald"]
[WhiteElo "2440"]
[BlackElo "2364"]
[WhiteCountry "SUI"]
[BlackCountry "PHI"]
[Result "1-0"]

1. e4 c5 2. Nf3 d6 3. d4 cxd4 4. Nxd4 Nf6 5. Nc3 g6 6. Be3 Bg7 7. f3 O-O 
8. Qd2 Nc6 9. O-O-O Nxd4 10. Bxd4 Be6 11. Kb1 Qc7 12. h4 Rfc8 13. h5 Qa5 
14. hxg6 hxg6 15. a3 Rab8 16. Bxf6 Bxf6 17. Nd5 Qxd2 18. Nxf6+ Kg7 
19. Nh5+ gxh5 20. Rxd2 Rh8 21. Rh4 Kf6 22. Kc1 Rbg8 23. Kd1 Rg3 24. Ke1 Kg5 
25. Rh2 h4 26. Kf2 Kf6 27. Rd4 Rg5 28. Ke3 Kg7 29. Bc4 Bd7 30. c3 Rh6 
31. Rd5 e5 32. Rd1 Rhg6 33. Kf2 Kf8 34. Rdh1 f5 35. exf5 Bxf5 36. Bf1 h3 
37. g4 Bd7 38. Rxh3 Bc6 39. Be2 Rf6 40. Rh8+ Rg8 41. Ke3 Rxh8 42. Rxh8+ Kg7 
43. Rb8 d5 44. b4 a6 45. a4 Rd6 46. b5 axb5 47. axb5 d4+ 48. cxd4 exd4+ 
49. Kf4 Bd5 50. Ke5 Rd7 51. f4 Bg2 52. Bd3 Kf7 53. f5 Re7+ 54. Kxd4 Kf6 55. g5+ 
1-0

[Event "34th Chess Olympiad (men)"]
[Site "Istanbul"]
[Date "2000.10.30"]
[Round "3.8.1"]
[White "Dutreeuw, Marc"]
[Black "Nataf, Igor-Alexandre"]
[WhiteElo "2402"]
[BlackElo "2526"]
[WhiteCountry "BEL"]
[BlackCountry "FRA"]
[Result "0-1"]

1. e4 c5 2. Nf3 Nc6 3. d4 cd4 4. Nd4 e5 5. Nb5 d6 6. N1c3 a6 7. Na3 b5 
8. Nd5 Nf6 9. Bg5 Be7 10. Bf6 Bf6 11. c3 Bg5 12. h4 Bh6 13. g4 Bf4 14. Nf4 ef4 
15. Qd5 Bb7 16. O-O-O Qe7 17. Qd2 O-O 18. Bg2 Rfd8 19. Nc2 a5 20. Qf4 b4 
21. Rh3 bc3 22. Rc3 Nb4 23. Kb1 Qe6 24. b3 Nc2 25. Rc2 a4 26. b4 a3 
27. Rc7 Rab8 28. Qf5 Be4+ 29. Qe4 Qe4+ 30. Be4 Rb4+ 31. Kc2 Re4 32. f3 Rb4 
33. Ra1 Ra4 34. Rf1 Rf4 35. Kb3 h5 36. gh5 Rh4 37. Rd1 Rh5 38. Rd3 Rh2 
0-1

[Event "34th Chess Olympiad (men)"]
[Site "Istanbul"]
[Date "2000.10.30"]
[Round "3.8.3"]
[White "Van Der Stricht, Geert"]
[Black "Hauchard, Arnaud"]
[WhiteElo "2369"]
[BlackElo "2539"]
[WhiteCountry "BEL"]
[BlackCountry "FRA"]
[Result "0-1"]

1. d4 Nf6 2. c4 e6 3. Nc3 Bb4 4. e3 b6 5. Bd3 Bb7 6. f3 c5 7. Nge2 cd4 
8. ed4 d5 9. Qa4+ Nc6 10. cd5 Nd5 11. O-O O-O 12. Nd5 Qd5 13. Be4 b5 
14. Qc2 Nd4 15. Bd5 Nc2 16. Bb7 Na1 17. Bf4 Nc2 18. Rc1 Bc5+ 19. Kh1 Rad8 
20. h4 Nd4 21. Rc5 Ne2 22. Bc7 Rd7 23. Ba6 Nd4 24. Kh2 f6 25. Bg3 e5 26. b3 Rb8 
27. Bf2 Rd6 28. Bc8 Rc6 29. Rc6 Nc6 30. Be6+ Kf8 31. Bd7 Nd4 
0-1

[Event "34th Chess Olympiad (men)"]
[Site "Istanbul"]
[Date "2000.10.30"]
[Round "3.9.2"]
[White "Xu, Jun"]
[Black "Zagrebelny, Sergey"]
[WhiteElo "2668"]
[BlackElo "2536"]
[WhiteCountry "CHN"]
[BlackCountry "UZB"]
[Result "1/2-1/2"]

1. d4 d5 2. c4 c6 3. Nc3 Nf6 4. Nf3 a6 5. Ne5 Nbd7 6. Bf4 dc4 7. Nc4 b5 
8. Ne5 Bb7 9. e3 e6 10. Be2 c5 11. O-O cd4 12. ed4 Bb4 13. a4 Bc3 14. bc3 Nd5 
15. Bd2 Ne5 16. de5 O-O 17. ab5 ab5 18. Qb3 Rb8 19. c4 bc4 20. Qc4 Ba8 
21. Rfd1 Qc7 22. Qd4 Qb6 23. Qb6 Rb6 24. Rdb1 Rb1+ 25. Rb1 f6 26. ef6 Nf6 
27. f3 Rc8 28. Rb2 Bd5 29. Kf2 Kf7 30. g4 h6 31. h4 h5 32. g5 Ng8 33. Bd3 Ne7 
34. Rb4 Ra8 35. Rf4+ Kg8 36. g6 e5 37. Rb4 Rf8 38. f4 e4 39. Be4 Be4 
40. Re4 Ng6 41. Kg3 Rf7 42. Bb4 Kh7 43. Rc4 Rd7 44. f5 Rd3+ 45. Kg2 Ne5 
46. Rf4 Ng4 47. Bc5 Kg8 48. Be7 Ne3+ 49. Kf2 Nd5 50. Re4 Ne7 51. Re7 Rd5 
52. Kg3 Rf5 53. Ra7 Kh7 54. Ra6 Rf6 55. Ra5 Kg6 56. Rg5+ Kh6 57. Ra5 Rb6 
58. Rc5 
1/2-1/2

[Event "34th Chess Olympiad (men)"]
[Site "Istanbul"]
[Date "2000.10.30"]
[Round "3.9.3"]
[White "Dzhumaev, Marat"]
[Black "Peng, Xiaomin"]
[WhiteElo "2495"]
[BlackElo "2657"]
[WhiteCountry "UZB"]
[BlackCountry "CHN"]
[Result "0-1"]

1. e4 e5 2. Nf3 Nc6 3. Nc3 Nf6 4. g3 Bb4 5. Bg2 O-O 6. O-O Bc3 7. dc3 d6 
8. Nh4 Be6 9. f4 ef4 10. Bf4 Qd7 11. Nf5 d5 12. ed5 Nd5 13. Bd5 Bf5 
14. Bb3 Rad8 15. Bg5 Bg4 16. Qd7 Rd7 17. Rae1 h6 18. Bf4 Na5 19. Re5 Nb3 
20. cb3 Be6 21. Rfe1 Rfd8 22. b4 Ba2 23. Ra5 Bc4 24. Ra7 c6 25. Raa1 Kh7 
26. Re4 b5 27. Ree1 g5 28. Be3 Re8 29. Kf2 Rde7 30. Ra7 Re5 31. g4 Kg6 
32. Rd7 R8e6 33. Rdd1 h5 34. gh5+ Kh5 35. Rb1 Re4 36. b3 Rf6+ 
0-1

[Event "34th Chess Olympiad (men)"]
[Site "Istanbul"]
[Date "2000.10.30"]
[Round "3.10.1"]
[White "Gelfand, Boris"]
[Black "Mikhalchishin, Adrian"]
[WhiteElo "2681"]
[BlackElo "2544"]
[WhiteCountry "ISR"]
[BlackCountry "SLO"]
[Result "1-0"]

1. e4 e5 2. Nf3 Nc6 3. Bb5 a6 4. Ba4 Nf6 5. O-O Be7 6. Re1 b5 7. Bb3 d6 
8. c3 O-O 9. h3 Be6 10. d4 Bxb3 11. axb3 exd4 12. cxd4 Nb4 13. d5 c5 
14. dxc6ep d5 15. e5 Ne4 16. Nc3 Nxc3 17. bxc3 Nxc6 18. Qd3 Qd7 19. Ra2 Qe6 
20. Bg5 Rfd8 21. Bxe7 Qxe7 22. Rae2 h6 23. e6 Rd6 24. exf7+ Qxf7 25. Ne5 Nxe5 
26. Rxe5 Rd7 27. R1e3 Rd6 28. Re7 Qf6 29. Rb7 Rf8 30. Rf3 Qd8 31. Qd4 Rg6 
32. Rxf8+ Qxf8 33. Qxd5+ Kh7 34. Qe4 Qc5 35. Rd7 a5 36. Rd5 Qc6 37. h4 Kg8 
38. Qd3 a4 39. Qxb5 Qxc3 40. bxa4 Qe1+ 41. Kh2 Qxf2 42. Qe8+ Kh7 43. Qe4 Qg3+ 
44. Kg1 Qg4 45. Rd4 Qxe4 46. Rxe4 Rg3 47. Kf2 Ra3 48. g4 Kg6 49. Rf4 Rh3 
50. a5 Ra3 51. Rf5 Kh7 52. Rb5 Ra4 53. Kf3 Kg8 54. h5 Kf7 55. Rb7+ Kf6 
56. Rb6+ Ke5 57. a6 Ra3+ 58. Ke2 Kd4 59. Rd6+ Ke4 60. Kd2 Ke5 61. Rg6 Kd5 
62. Kc2 Kc4 63. Kb2 Ra5 64. Rxg7 Rxa6 65. Rg6 Ra4 66. Rxh6 Kd5 67. Rg6 
1-0

[Event "34th Chess Olympiad (men)"]
[Site "Istanbul"]
[Date "2000.10.30"]
[Round "3.10.3"]
[White "Psakhis, Lev"]
[Black "Mohr, Georg"]
[WhiteElo "2611"]
[BlackElo "2492"]
[WhiteCountry "ISR"]
[BlackCountry "SLO"]
[Result "1-0"]

1. e4 c5 2. Nf3 e6 3. d3 Nc6 4. g3 d5 5. Qe2 Nge7 6. Bg2 g6 7. O-O Bg7 
8. c3 O-O 9. e5 b5 10. h4 h5 11. Bg5 Qc7 12. Nbd2 Nf5 13. Rfe1 a5 14. Nf1 Rb8 
15. N1h2 Nh6 16. Qe3 d4 17. Qf4 Kh7 18. cxd4 Nb4 19. Qd2 cxd4 20. Nxd4 Qd7 
21. a3 Nd5 22. Qxa5 Nf5 23. Nhf3 Nxd4 24. Nxd4 Qb7 25. Nb3 b4 26. Nc5 Qb5 
27. Qxb5 Rxb5 28. d4 bxa3 29. bxa3 f6 30. exf6 Nxf6 31. a4 Rb2 32. Nd3 Rb3 
33. Ne5 Rb4 34. a5 Rxd4 35. Bxf6 Bxf6 36. a6 Bxe5 37. Rxe5 
1-0

[Event "34th Chess Olympiad (men)"]
[Site "Istanbul"]
[Date "2000.10.30"]
[Round "3.10.4"]
[White "Grosar, Aljosa"]
[Black "Huzman, Alexander"]
[WhiteElo "2447"]
[BlackElo "2574"]
[WhiteCountry "SLO"]
[BlackCountry "ISR"]
[Result "1/2-1/2"]

1. e4 c5 2. Nf3 d6 3. c3 Nf6 4. Be2 g6 5. O-O Bg7 6. Bb5+ Nc6 7. Re1 O-O 
8. h3 Bd7 9. d4 Nxd4 10. Nxd4 cxd4 11. Bxd7 Nxd7 12. cxd4 Qb6 13. Be3 Qxb2 
14. Nd2 Rfc8 15. Rb1 Qxa2 16. Rxb7 Nb6 17. Qa1 Qxa1 
1/2-1/2

[Event "34th Chess Olympiad (men)"]
[Site "Istanbul"]
[Date "2000.10.30"]
[Round "3.11.3"]
[White "Grigore, George"]
[Black "Eingorn, Vereslav S"]
[WhiteElo "2508"]
[BlackElo "2586"]
[WhiteCountry "ROM"]
[BlackCountry "UKR"]
[Result "1/2-1/2"]

1. d4 e6 2. c4 Bb4+ 3. Bd2 a5 4. Nc3 Nf6 5. Qc2 d6 6. Nf3 Qe7 7. e4 e5 
8. dxe5 dxe5 9. Nd5 Nxd5 10. cxd5 O-O 11. a3 Bd6 12. Bg5 f6 13. Be3 f5 
14. Bd3 f4 15. Bd2 Nd7 16. Bc3 Nc5 17. Be2 Bd7 18. Nd2 b5 19. b3 Qg5 
20. O-O Bh3 21. Bf3 Bxg2 22. Bxg2 f3 23. Nxf3 Rxf3 24. Kh1 Qf4 25. Bd2 Rxf2 
26. Rxf2 Qxf2 27. Qc3 Qe2 28. Be3 Nd3 29. Qd2 Qxd2 30. Bxd2 Bc5 31. Bf3 Bd4 
32. Ra2 Ra6 33. h4 Rf6 34. Kg2 Bb6 35. h5 h6 36. Rc2 g5 37. hxg6ep Rxg6+ 
38. Kh3 b4 39. axb4 axb4 40. Rc6 Rxc6 41. dxc6 Kg7 42. Kg4 Kg6 43. Be2 Nc5 
44. Bc4 Kf6 
1/2-1/2

[Event "34th Chess Olympiad (men)"]
[Site "Istanbul"]
[Date "2000.10.30"]
[Round "3.11.4"]
[White "Romanishin, Oleg M"]
[Black "Ionescu, Constantin"]
[WhiteElo "2591"]
[BlackElo "2492"]
[WhiteCountry "UKR"]
[BlackCountry "ROM"]
[Result "1/2-1/2"]

1. d4 Nf6 2. Nf3 e6 3. g3 b5 4. Bg2 Bb7 5. O-O c5 6. Na3 Qb6 7. c4 b4 
8. Nc2 cxd4 9. Ncxd4 Na6 10. Nb5 Bc5 11. b3 Nc7 12. Nxc7+ Qxc7 13. Bb2 Be7 
14. Qd3 Be4 15. Qe3 Qb7 16. Rad1 O-O 17. Ne1 Bxg2 18. Nxg2 Rfd8 19. Nf4 Rac8 
20. Rd3 Ne8 21. Bd4 Rc6 22. Qf3 Bf6 23. Bxf6 Nxf6 24. Rfd1 h6 25. Nh5 Ne8 
26. R3d2 d6 27. Nf4 Qc7 28. Nd3 Rb8 29. Nb2 Nf6 30. e4 Kf8 31. Qe2 Ke7 
32. Na4 Rb7 33. f3 Qa5 34. Kg2 Rbc7 35. Qe3 g5 36. Re2 Rc8 37. Rf1 Rg8 
38. Kh1 Rc7 39. Rd1 Rc6 40. Red2 Rgc8 41. Re1 Ra6 42. Qd4 Qc7 43. Rf2 Qc6 
44. Kg1 Nd7 45. Qg7 
1/2-1/2

[Event "34th Chess Olympiad (men)"]
[Site "Istanbul"]
[Date "2000.10.30"]
[Round "3.12.2"]
[White "Gulko, Boris F"]
[Black "Klovans, Janis"]
[WhiteElo "2643"]
[BlackElo "2481"]
[WhiteCountry "USA"]
[BlackCountry "LAT"]
[Result "1-0"]

1. d4 Nf6 2. c4 e6 3. Nc3 d5 4. cxd5 exd5 5. Bg5 Be7 6. e3 O-O 7. Bd3 Nbd7 
8. Nge2 Re8 9. O-O Nf8 10. b4 h6 11. Bxf6 Bxf6 12. Qc2 a6 13. Rfc1 Be7 
14. Rab1 c6 15. a4 Ne6 16. b5 a5 17. bxc6 bxc6 18. Bf5 Ba3 19. Rd1 Ra7 
20. Na2 Bd7 21. Nac1 Bd6 22. Nd3 Qc7 23. h3 Rb7 24. Rxb7 Qxb7 25. Rb1 Qc7 
26. Bxe6 Bxe6 27. Nc5 Bc8 28. Rc1 Qb6 29. Qb1 Qxb1 30. Rxb1 Bf5 31. Rb7 Rb8 
32. g4 Bc2 33. Ra7 Bxc5 34. dxc5 Bxa4 35. Nd4 Rb4 36. Rxa5 Rc4 37. Kg2 g6 
38. Nf3 Bb5 39. Ne5 Rxc5 40. Ra8+ Kg7 41. Ra7 Kg8 42. Nxf7 h5 43. Ne5 hxg4 
44. hxg4 g5 45. Nd7 Rc1 46. Nf6+ Kf8 47. Nh7+ Kg8 48. Nxg5 c5 49. Ne6 Bd3 
50. f4 Be4+ 51. Kg3 d4 52. exd4 c4 53. Rg7+ Kh8 54. Rc7 Bd5 55. f5 c3 
56. Kf4 c2 57. Kg5 Bxe6 58. fxe6 Re1 59. d5 c1Q+ 60. Rxc1 Rxc1 61. e7 Re1 
62. d6 
1-0

[Event "34th Chess Olympiad (men)"]
[Site "Istanbul"]
[Date "2000.10.30"]
[Round "3.14.1"]
[White "Lesiege, Alexandre"]
[Black "Movsesian, Sergei"]
[WhiteElo "2584"]
[BlackElo "2666"]
[WhiteCountry "CAN"]
[BlackCountry "CZE"]
[Result "1/2-1/2"]

1. d4 Nf6 2. c4 g6 3. Nc3 Bg7 4. e4 d6 5. Nf3 O-O 6. Be2 Na6 7. O-O e5 
8. Bg5 h6 9. Bh4 Qe8 10. Bxf6 Bxf6 11. c5 exd4 12. Nd5 Bd8 13. Bxa6 c6 
14. Nf4 Qxe4 15. g3 bxa6 16. Re1 Qf5 17. Nxd4 Qd7 18. Qa4 Bb7 19. Rad1 d5 
20. Nf3 Qc7 21. Qd4 Bc8 22. h4 Bf5 23. Re3 Rb8 24. Rde1 Kh7 25. h5 a5 26. a3 g5 
27. Re8 Rxe8 28. Rxe8 Bf6 29. Qxf6 Rxe8 30. Qxf5+ Kg7 31. Nd3 Re6 32. Kg2 a4 
33. Nb4 Qe7 34. Nd4 Re4 35. Ndxc6 Qxc5 36. Qxd5 Qxd5 37. Nxd5 Re2 38. Nxa7 Rxb2 
39. Nc3 Rb3 40. Nab5 g4 41. f4 gxf3ep+ 42. Kxf3 f5 43. Ke3 Kf7 44. Kf4 Kf6 
45. Nd5+ Ke6 46. Nb4 Kf6 47. Nd5+ Ke6 48. Nb4 Kf6 49. Nd5+ 
1/2-1/2

[Event "34th Chess Olympiad (men)"]
[Site "Istanbul"]
[Date "2000.10.30"]
[Round "3.14.2"]
[White "Hracek, Zbynek"]
[Black "Spraggett, Kevin"]
[WhiteElo "2612"]
[BlackElo "2501"]
[WhiteCountry "CZE"]
[BlackCountry "CAN"]
[Result "0-1"]

1. e4 c5 2. Nf3 e6 3. d4 cd4 4. Nd4 a6 5. Bd3 Nf6 6. O-O d6 7. c4 Be7 8. b3 O-O 
9. Bb2 Nbd7 10. Qe2 g6 11. Nc3 Re8 12. Rad1 Bf8 13. Bb1 Qc7 14. f4 e5 
15. Nd5 Nd5 16. ed5 Bg7 17. Rde1 b6 18. Kh1 Bb7 19. Nf3 f5 20. fe5 Ne5 
21. Ng5 Bc8 22. g4 Qd8 23. Ne6 Re6 24. de6 Bb7+ 25. Kg1 Qh4 26. Rd1 fg4 
27. Be4 Nf3+ 28. Rf3 gf3 29. Bf3 Qg5+ 30. Kh1 Qf4 31. Rd5 Bd5 32. cd5 Qf5 
33. Ba3 Be5 34. Qe4 Qg5 35. Bb4 Rc8 36. Bg4 Qh4 
0-1

[Event "34th Chess Olympiad (men)"]
[Site "Istanbul"]
[Date "2000.10.30"]
[Round "3.14.3"]
[White "Zugic, Igor"]
[Black "Babula, Vlastimil"]
[WhiteElo "2399"]
[BlackElo "2582"]
[WhiteCountry "CAN"]
[BlackCountry "CZE"]
[Result "1/2-1/2"]

1. d4 Nf6 2. c4 g6 3. Nf3 Bg7 4. g3 O-O 5. Bg2 d6 6. O-O Nc6 7. Nc3 a6 
8. Qd3 e5 9. dxe5 dxe5 10. Qxd8 Rxd8 11. Bg5 Re8 12. Rfd1 h6 13. Bxf6 Bxf6 
14. Nd2 Nd4 15. Nde4 Bd8 16. Nc5 Rb8 17. e3 Ne6 18. Nd7 Bxd7 19. Rxd7 Nc5 
20. Rd2 a5 21. Rd5 Be7 22. Ne4 Nxe4 23. Bxe4 b6 24. Kg2 
1/2-1/2

[Event "34th Chess Olympiad (men)"]
[Site "Istanbul"]
[Date "2000.10.30"]
[Round "3.15.1"]
[White "Markowski, Tomasz"]
[Black "Danner, Georg"]
[WhiteElo "2568"]
[BlackElo "2437"]
[WhiteCountry "POL"]
[BlackCountry "AUT"]
[Result "1-0"]

1. Nf3 g6 2. e4 c5 3. d4 Bg7 4. dxc5 Qa5+ 5. c3 Qxc5 6. Na3 d6 7. Nb5 Qb6 8.
Be3 Qa5 9. Bc4 Nc6 10. Qb3 Nd8 11. Nxa7 Be6 12. Qb5+ Qxb5 13. Bxb5+ Bd7 14.
Bxd7+ Kxd7 15. Nd2 Bh6 16. Bxh6 Nxh6 17. Nb5 Ne6 18. O-O Rhc8 19. b3 f5 20.
Rfe1 Nc5 21. exf5 Nxf5 22. Nc4 Kc6 23. Nd4+ Nxd4 24. cxd4 Nd3 25. Rxe7 b5 26.
Ne3 Rf8 27. Rd1 Nb4 28. a4 bxa4 29. Rc1+ Kb6 30. Nc4+ Kc6 31. bxa4 d5 32. Ne5+
Kd6 33. Rcc7 1-0

[Event "34th Chess Olympiad (men)"]
[Site "Istanbul"]
[Date "2000.10.30"]
[Round "3.15.2"]
[White "Weiss, Christian"]
[Black "Macieja, Bartlomiej"]
[WhiteElo "2386"]
[BlackElo "2536"]
[WhiteCountry "AUT"]
[BlackCountry "POL"]
[Result "1-0"]

1. c4 c5 2. Nc3 Nc6 3. Nf3 Nd4 4. e3 Nxf3+ 5. Qxf3 g6 6. g4 d6 7. b3 Nf6 8. g5
Nd7 9. Bb2 Bg7 10. O-O-O h6 11. gxh6 Rxh6 12. Be2 Nf6 13. h4 Rb8 14. Qg2 Nh5
15. f4 e6 16. Qg5 Bd7 17. Ne4 Kf8 18. Nxd6 Bc6 19. Qxc5 Qe7 20. Ba3 Ng3 21. Rh2
Kg8 22. Nf5 Nxf5 23. Qxe7 Nxe7 24. Bxe7 Re8 25. Bd6 Rd8 26. Be5 f6 27. Bd4 e5
28. fxe5 fxe5 29. Bb2 e4 30. Bxg7 Kxg7 31. Rg1 Kh8 32. h5 Be8 33. Rhg2 Rd6 34.
hxg6 Kg7 35. Bd1 Bxg6 36. Bc2 Kf7 37. Rf2+ Rf6 38. Rxf6+ Kxf6 39. Kb2 b6 40.
Kc3 Rh8 41. a4 a5 42. d3 exd3 43. Bxd3 Bf7 44. Rf1+ Ke7 45. Rf5 Rb8 46. Be4 Bg6
47. Rf4 Bxe4 48. Rxe4+ Kd6 49. Rd4+ Kc6 50. Rd5 Rh8 51. Kd4 Rh1 52. Rb5 Rh8 53.
e4 Rh1 54. Ke5 Rh5+ 55. Kf6 Rh6+ 56. Kg5 Rh3 57. e5 Rf3 58. e6 Kd6 59. Rxb6+
Ke7 60. Kg4 Rf1 61. Kg3 Rf8 62. Rb5 Kxe6 63. Rxa5 Kd6 64. Rb5 Kc6 65. a5 Rf1
66. Kg2 Rf4 67. a6 Rf8 68. Rb4 Ra8 69. Ra4 Rf8 70. b4 Kb6 71. b5 Kc5 72. Ra1
Ra8 73. Rb1 Rb8 74. Kf3 1-0